Proyecto de Ley sobre unificación de la Legislación Civil y Comercial (Registro nro. 3101)

Detalles MARC
000 -LEADER
fixed length control field 01977 a2200301 4500
001 - CONTROL NUMBER
control field 39720
005 - DATE AND TIME OF LATEST TRANSACTION
control field 20260407155654.0
008 - FIXED-LENGTH DATA ELEMENTS--GENERAL INFORMATION
fixed length control field 260407a1987 arg spa d
003 - CONTROL NUMBER IDENTIFIER
control field AR-UNSa-BCEJYS
040 ## - CATALOGING SOURCE
Original cataloging agency AR-UNSa-BCEJYS
Language of cataloging spa
Transcribing agency AR-UNSa-BCEJYS
080 ## - UNIVERSAL DECIMAL CLASSIFICATION NUMBER
Universal Decimal Classification number 347
Common auxiliary subdivision Derecho Civil
041 ## - LANGUAGE CODE
Language code of text/sound track or separate title spa
100 1# - MAIN ENTRY--PERSONAL NAME
Personal name Academia Nacional de Derecho y Ciencias Sociales de Córdoba
245 10 - TITLE STATEMENT
Title Proyecto de Ley sobre unificación de la Legislación Civil y Comercial
264 #1 - PRODUCTION, PUBLICATION, DISTRIBUTION, MANUFACTURE, AND COPYRIGHT NOTICE
Place of production, publication, distribution, manufacture Córdoba :
Name of producer, publisher, distributor, manufacturer Academia Nacional de Derecho y Ciencias Sociales de Córdoba
Date of production, publication, distribution, manufacture, or copyright notice 1987
300 ## - PHYSICAL DESCRIPTION
Extent 511 p.
Dimensions 21 cm.
505 ## - FORMATTED CONTENTS NOTE
Formatted contents note 1. Una aproximación al proyecto de unificación ligislativa civil y comercial - 2. Proyecto de unificación de la legislación civil y comercial - 3. Unificación de la legislación civil y comercial - 4. En torno al proyecto de unificación del derecho privado, empresa y sociedad como base del nuevo derecho mercantil - 5. Proyecto de ley de unificación de la legislación civil y comercial de la Nación - 6. Sobre el proyecto de ley de unificación de la legislación civil y comercial - 7. Unificación de la legislación civil y comercial - 8. El plexo normativo: el finalismo de las leyes, los usos y costumbres - 9. VI Reunión conjunta de Academias Nacionales de Derecho y Ciencias Sociales: El régimen concursal en el proyecto de ley de unificación de la legislación civil y comercial - 10. Prescripción - 11. Contratos asociativos - 12. Fuentes de derecho en el proyecto de unificación (Art. 16) - 13. Personas jurídicas - 14. Sobre el Art. 1151 (2º apartado) del proyecto de unificación.
590 ## - LOCAL NOTE (RLIN)
Local note niveau_biblio:m niveau_hierar:0
700 1# - ADDED ENTRY--PERSONAL NAME
Personal name Brebbia, Roberto H.
700 1# - ADDED ENTRY--PERSONAL NAME
Personal name Camara, Héctor R.
700 1# - ADDED ENTRY--PERSONAL NAME
Personal name Carranza, Jorge A.
700 1# - ADDED ENTRY--PERSONAL NAME
Personal name Cornejo Costas, Emilio
700 1# - ADDED ENTRY--PERSONAL NAME
Personal name Moisset de Espanés, Luis
700 1# - ADDED ENTRY--PERSONAL NAME
Personal name Mosset Iturraspe, Jorge
700 1# - ADDED ENTRY--PERSONAL NAME
Personal name Novillo Saravia, Lisardo
700 1# - ADDED ENTRY--PERSONAL NAME
Personal name Richard, Efraín Hugo
942 ## - ADDED ENTRY ELEMENTS (KOHA)
Koha item type
Existencias
Withdrawn status Lost status Damaged status Not for loan Home library Current library Shelving location Date acquired Total checkouts Full call number Barcode Date last seen Price effective from Koha item type
        Biblioteca Prof. Eusebio Cleto del Rey Biblioteca Prof. Eusebio Cleto del Rey   07/04/2026   347 P969 L45807 07/04/2026 07/04/2026 Libro